मसाला ठोसा / (Record no. 48869)

MARC details
000 -LEADER
fixed length control field 01049nam a22002417a 4500
005 - DATE AND TIME OF LATEST TRANSACTION
control field 20101129155140.0
008 - FIXED-LENGTH DATA ELEMENTS--GENERAL INFORMATION
fixed length control field 101129t xxu||||| |||| 00| 0 mar d
010 ## - LCCN (DPL NO)
LC control number MAR-20417
020 ## - INTERNATIONAL STANDARD BOOK NUMBER
Terms of availability 100.00
035 ## - SYSTEM CONTROL NUMBER
System control number MR-13075
037 ## - SOURCE OF ACQUISITION
Source of stock number/acquisition DBAD / PUB
040 ## - CATALOGING SOURCE
Original cataloging agency DPL
Language of cataloging MR
082 ## - DEWEY DECIMAL CLASSIFICATION NUMBER
Classification number 891.467
100 ## - MAIN ENTRY--PERSONAL NAME
9 (RLIN) 24500
Personal name दांडेकर,सुधीर
245 ## - TITLE STATEMENT
Title मसाला ठोसा /
Statement of responsibility, etc सुधीर दांडेकर
246 ## - VARYING FORM OF TITLE
Title proper/short title Masala Thosa
Remainder of title by Sudhir Dandekar
260 ## - PUBLICATION, DISTRIBUTION, ETC. (IMPRINT)
Place of publication, distribution, etc ठाणे
Name of publisher, distributor, etc ' पालघर मित्र ' प्रकाशन
Date of publication, distribution, etc 2010
270 ## - ADDRESS
Address 3/भ,पालघर तालुका,औद्योगिक सहकारी वसाहत
City ठाणे
Postal code 401404
300 ## - PHYSICAL DESCRIPTION
Extent 119पृ
Dimensions 21सेमी ( अजिल्द )
700 ## - ADDED ENTRY--PERSONAL NAME
9 (RLIN) 24501
942 ## - ADDED ENTRY ELEMENTS (KOHA)
Source of classification or shelving scheme Dewey Decimal Classification
Item type Marathi Books
Call number suffix दांडेक
Classification part 891.467
Holdings
Withdrawn status Lost status Source of classification or shelving scheme Damaged status Not for loan Collection code Home library Current library Date acquired Source of acquisition Cost, normal purchase price Total Checkouts Full call number Barcode Date last seen Copy number Cost, replacement price Koha item type
    Dewey Decimal Classification   Not For Loan Non-fiction D.B.Act.Division D.B.Act.Division 30/11/2010 DBAD / PUB 100.00   891.467 ठाणे MR-13075 30/11/2010 1 100.00 Marathi Books

© Delhi Public Library
Hit Counter
free hit counter